000 00256nam a2200097Ia 4500
008 240331s9999 xx 000 0 und d
082 _bCHA
100 _aChandrasegara, P
245 0 _aYarlpana aharathi :
_ba manual dictionary of the Tamil language
942 _cL
999 _c3225
_d3225